00810cam a2200205 a 450000100100000000500170001000800410002702000150006804000250008308200180010810000430012624500500016926000360021930000210025565000310027665000460030795201150035395201210046899900150058900000395720200929150635.0940708s1995 nyu 001 f eng  a0525939458 aDO-SdBNPbspacBNPHU a813.54bR813c1 aRosenberg, Nancy Taylor.d1946-91189710aCalifornia ángel /cNancy Taylor Rosenberg. aNew York :bDutton book,c1995. a200 p. ;c22 cm. 4aNovela estadounidense9262 4aLiteratura estadounidenseySIGLO XX96874 001050718MOaGRbGRcHDd2009-07-15iLF1l0o813.54 R813cp3957-10r2020-06-25w2020-06-25y1ZNo se presta 001150718MOaGRbGRcMId2017-05-29iLF1l0o813.54 R813cp3957-20r2020-06-25te. 2w2020-06-25y1ZNo se presta c3776d3776